Spiderman Movie Ratings (Rotten Tomatoes) - Statistics

General Stats
  • This quiz has been taken 95 times
  • The average score is 9 of 10
Answer Stats
Hint Answer % Correct
51% The Amazing Spider-man 2
95%
90% Spider-Man
94%
92% Spider-Man: Homecoming
94%
71% The Amazing Spider-man
94%
63% Spider-Man 3
93%
91% Spider-Man: Far From Home
93%
93% Spider-Man 2
90%
93% Spider-Man: No Way Home
90%
97% Spider-Man: Into The Spider-Verse
89%
95% Spider-Man: Across The Spider-Verse
84%
No matching quizzes found
Score Distribution
Percent of People with Each Score
Percentile by Number Answered
Your Score History
You have not taken this quiz